000 00773nam a2200253 a 4500
001 68929
003 BD-RjUL
005 20211209081829.0
008 170408s1971 ii ab b 001 0 eng d
020 _c: Rs. 125.00
035 _a(BD-RjUL)69140
040 _aDLC
_cDLC
_dDLC
_beng
041 _aeng
082 0 0 _223
_a915.4
_bIND 1971
245 0 0 _aIndia :
_ba regional geography /
_cEdited R. L. Singh.
260 _aVaranasi :
_bNational Geographical Society of India,
_c1971
300 _axx, 992 p. :
_bill. ;
_c25 cm.
500 _a"Silver jubilee publication."
504 _aIncludes bibliographies and indexes
651 0 _aIndia
_xGeography.
_9204253
651 0 _aIndia
_xEconomic conditions.
_9204254
700 1 _aSingh, Ram Lochan,
_9204255
942 _2ddc
_cBK
999 _c68929
_d68929